Statistiken für Grafschaften Englands

Klicken Sie hier um das Quiz zu spielen!

Allgemein

  • Dieses Quiz wurde 6.054 mal gespielt
  • Das Durchschnittsergebnis liegt bei 13 aus 48

Antworten auf der Karte

Die Antworten werden auf der Karte rot bzw. grün angezeigt, abhängig davon wie oft sie richtig erraten wurden.
 

Antwortstatistiken

Grafschaft% Korrekt
City of {London}
88%
Greater {London}
88%
{North York}shire
76%
Greater {Manchester}
68%
Cornwall
45%
{Oxford}shire
41%
Essex
38%
{Hamp}shire
38%
Kent
37%
{Leicester}shire
35%
{Nottingham}shire
35%
{Cambridge}shire
34%
City of {Bristol}
31%
{Worcester}shire
31%
Devon
28%
{Lanca}shire
28%
{Ches}hire
27%
{Gloucester}shire
26%
Isle of {Wight}
25%
Norfolk
25%
{South York}shire
24%
{Derby}shire
22%
{Lincoln}shire
22%
{Buckingham}shire
21%
Suffolk
21%
East Sussex
20%
Northumberland
20%
West Sussex
20%
{Berk}shire
19%
{East Riding} of
{York}shire
19%
{West York}shire
19%
Dorset
18%
Somerset
18%
Surrey
18%
{Hertford}shire
17%
{Northampton}shire
17%
West {Midlands}
17%
{Bedford}shire
16%
Cumbria
16%
Durham
16%
{Hereford}shire
16%
Merseyside
16%
Tyne and Wear
16%
{Stafford}shire
15%
{Warwick}shire
15%
{Shrop}shire
14%
{Wilt}shire
14%
Rutland
13%

Verteilung der Resultate

Perzentil nach korrekt beantworteten Fragen

Anzahl Personen mit jedem Resultat

Ihre Resultats-Entwicklung

Sie haben dieses Quiz noch nicht gespielt